000
00287nam a22001217a 4500
999
_c
260554
_d
260553
020
_a
0375827358
100
_a
Mary Pope Osborne
245
_a
Summer of the sea serpent.
260
_a
New York
_b
Random House
_c
2004
300
_a
111 pgs
_b
ill
490
_a
Magic Tree House
942
_c
BK